UBT Library

VIROLOGY (Record no. 59290)

000 -LEADER
fixed length control field 00308nam a22001457a 4500
008 - FIXED-LENGTH DATA ELEMENTS--GENERAL INFORMATION
fixed length control field 230127b ||||| |||| 00| 0 eng d
020 ## - INTERNATIONAL STANDARD BOOK NUMBER
International Standard Book Number 0042682281
041 ## - LANGUAGE CODE
Language code of text/sound track or separate title eng
080 ## - UNIVERSAL DECIMAL CLASSIFICATION NUMBER
Edition identifier VOLUME108
Universal Decimal Classification number 573
082 ## - DEWEY DECIMAL CLASSIFICATION NUMBER
Classification number 573HIR
100 ## - Rafti
Rafti 14
101 ## - Shkurtesa
Shkurtesa BIO
245 ## - TITLE STATEMENT
Title VIROLOGY
Statement of responsibility, etc HIRST K G
942 ## - ADDED ENTRY ELEMENTS (KOHA)
Source of classification or shelving scheme
Item type Books
Holdings
Withdrawn status Lost status Source of classification or shelving scheme Damaged status Not for loan Collection code Permanent location Current location Date acquired Total Checkouts Full call number Barcode Date last seen Price effective from Koha item type
          Koleksioni i përgjithshem UBT - Lipjan UBT - Lipjan 01/27/2023   573HIR 003-147 01/27/2023 01/27/2023 Books
          Koleksioni i përgjithshem UBT - Lipjan UBT - Lipjan 01/27/2023   573HIR 003-148 01/27/2023 01/27/2023 Books
          Koleksioni i përgjithshem UBT - Lipjan UBT - Lipjan 01/27/2023   573HIR 003-149 01/27/2023 01/27/2023 Books
          Koleksioni i përgjithshem UBT - Lipjan UBT - Lipjan 01/27/2023   573HIR 003-150 01/27/2023 01/27/2023 Books
          Koleksioni i përgjithshem UBT - Lipjan UBT - Lipjan 01/27/2023   573HIR 003-151 01/27/2023 01/27/2023 Books
          Koleksioni i përgjithshem UBT - Lipjan UBT - Lipjan 01/27/2023   573HIR 003-152 01/27/2023 01/27/2023 Books
          Koleksioni i përgjithshem UBT - Lipjan UBT - Lipjan 01/27/2023   573HIR 003-153 01/27/2023 01/27/2023 Books
          Koleksioni i përgjithshem UBT - Lipjan UBT - Lipjan 01/27/2023   573HIR 003-154 01/27/2023 01/27/2023 Books
          Koleksioni i përgjithshem UBT - Lipjan UBT - Lipjan 01/27/2023   573HIR 003-155 01/27/2023 01/27/2023 Books
          Koleksioni i përgjithshem UBT - Lipjan UBT - Lipjan 01/27/2023   573HIR 003-156 01/27/2023 01/27/2023 Books
          Koleksioni i përgjithshem UBT - Lipjan UBT - Lipjan 01/27/2023   573HIR 003-157 01/27/2023 01/27/2023 Books
          Koleksioni i përgjithshem UBT - Lipjan UBT - Lipjan 01/27/2023   573HIR 003-158 01/27/2023 01/27/2023 Books
          Koleksioni i përgjithshem UBT - Lipjan UBT - Lipjan 01/27/2023   573HIR 003-159 01/27/2023 01/27/2023 Books
          Koleksioni i përgjithshem UBT - Lipjan UBT - Lipjan 01/27/2023   573HIR 003-160 01/27/2023 01/27/2023 Books
          Koleksioni i përgjithshem UBT - Lipjan UBT - Lipjan 01/27/2023   573HIR 003-161 01/27/2023 01/27/2023 Books
          Koleksioni i përgjithshem UBT - Lipjan UBT - Lipjan 01/27/2023   573HIR 003-162 01/27/2023 01/27/2023 Books
          Koleksioni i përgjithshem UBT - Lipjan UBT - Lipjan 01/27/2023   573HIR 003-163 01/27/2023 01/27/2023 Books
          Koleksioni i përgjithshem UBT - Lipjan UBT - Lipjan 01/27/2023   573HIR 003-164 01/27/2023 01/27/2023 Books
UBT Library © 2015-2024. All rights reserved University Education for Business and Technology